Rakúsko
Komerčná sekcia Trendu. Rakúsko patrí k najdôležitejším obchodným partnerom Slovenska. Cesty k spojeniu ekonomických a ekologických záujmov. Banky otvárajú dvere vývozu. Obchodná výmena medzi dvoma krajinami z roka na rok rastie. Spolupráca pri výstavbe a infraštruktúrnych projektoch. Nájomné byty p...
Saved in:
| Format: | Book Chapter |
|---|---|
| Language: | Slovak |
| Subjects: | |
| Tags: |
No Tags, Be the first to tag this record!
|
MARC
| LEADER | 00000naa a2200000 4500 | ||
|---|---|---|---|
| 001 | r044745 | ||
| 005 | 20230921113138.3 | ||
| 041 | 0 | |a slo | |
| 044 | |a SK | ||
| 245 | 1 | 0 | |a Rakúsko |
| 520 | |a Komerčná sekcia Trendu. Rakúsko patrí k najdôležitejším obchodným partnerom Slovenska. Cesty k spojeniu ekonomických a ekologických záujmov. Banky otvárajú dvere vývozu. Obchodná výmena medzi dvoma krajinami z roka na rok rastie. Spolupráca pri výstavbe a infraštruktúrnych projektoch. Nájomné byty potrebujú podporu. Rakúska ekonomika v číslach. | ||
| 610 | 2 | 0 | |a spolupráca hospodárska medzinárodná |
| 610 | 2 | 0 | |a Rakúsko |
| 610 | 2 | 0 | |a Slovensko |
| 610 | 2 | 0 | |a obchod zahraničný |
| 610 | 2 | 0 | |a banky |
| 610 | 2 | 0 | |a vývoz |
| 610 | 2 | 0 | |a stavebníctvo |
| 610 | 2 | 0 | |a byty |
| 610 | 2 | 0 | |a hospodárstvo národné |